Pokémon by Picture - Generation 4 - Statistics

General Stats
  • This quiz has been taken 54 times
  • The average score is 14 of 16
Answer Stats
Picture Answer % Correct
Infernape
98%
Bidoof
96%
Lucario
96%
Piplup
96%
Turtwig
94%
Arceus
92%
Darkrai
92%
Giratina
90%
Garchomp
88%
Staraptor
86%
Spiritomb
84%
Lopunny
82%
Rotom
80%
Gastrodon
76%
Togekiss
76%
Gliscor
73%
No matching quizzes found
Score Distribution
Percent of People with Each Score
Percentile by Number Answered
Your Score History
You have not taken this quiz